عرض عادي
عرض مارك
- Revolutionaries
دخول Topical Term
001 - CONTROL NUMBER
- control field: 17110
003 - CONTROL NUMBER IDENTIFIER
- control field: AE-AdECS
005 - DATE AND TIME OF LATEST TRANSACTION
- control field: 20250616102810.0
008 - FIXED-LENGTH DATA ELEMENTS
- fixed length control field: 250616|| aca||aabn | a|a d
040 ## - CATALOGING SOURCE
- Original cataloging agency: AE-AdECS
- Transcribing agency: AE-AdECS
150 ## - HEADING--TOPICAL TERM
- Topical term or geographic name entry element: Revolutionaries
- Geographic subdivision: Mozambique
670 ## - SOURCE DATA FOUND
- Source citation: Work cat.: (AE-AdECS)291033: Telepneva, Natalia, author 17108, Cold war liberation
